00511nam a2200181 a 4500001001300000003000900013005001700022008004100039020000900080082001300089100001400102245008100116260004100197300000900238500003500247505001300282650003400295nice12345678IN_TiNIC20260116013014.0050524s1977 newa grp 000 0 eng  ac5000a027bKAU aKaul, H K aUrdu Manuscriptsb a Discriptive Bibliography of Manuscripts in Delhi Librar aNew DelhibHeritage Publishersc1977 a206p aincludes index and biblioraphy2 aglossary aManuscripts-Library-Catalogue